Statistics for Alex Trebek Filmography

Click here to take the quiz!

General Stats

  • This quiz has been taken 16 times
    (6 since last reset)
  • The average score is 6 of 117

Answer Stats

TypeYearName% Correct
TV Show1984-2021Jeopardy!
67%
Video Game2003Jeopardy!
67%
Video Game1995Jeopardy!
67%
Video Game1998Jeopardy!
67%
Video Game2010Jeopardy!
67%
Video Game2000Jeopardy! 2nd Edition
67%
Web Series2020Scooby-Doo and Guess Who?
33%
TV Show1997, 2012The Simpsons
33%
TV Show1998Baywatch
17%
Film2000Charlie's Angels
17%
TV Show1990Cheers
17%
TV Show1987-1991Classic Concentration
17%
TV Show2010, 2013How I Met Your Mother
17%
TV Mini-Series2020Jeopardy! The Greatest of All Time
17%
TV Show2000, 2002Saturday Night Live
17%
TV Show1997Wheel of Fortune
17%
Film1992White Men Can't Jump
17%
TV Special20202020 NHL Entry Draft
0%
TV Special199968th Annual Hollywood Christmas Parade
0%
TV Show2000, 2002Arthur
0%
TV Show1969Barris and Company
0%
TV Show1981-1983Battlestars
0%
TV Show1995Beverly Hills, 90210
0%
TV Show1995Blossom
0%
TV Show2007Canada's Next Great Prime Minister
0%
TV Show1966-1970CBC Championship Curling
0%
Commercial1998-2017Colonial Penn
0%
Commercial1999Conesco Direct Life
0%
TV Documentary1999Countdown 100: Greatest Achievements of the 20th Century
0%
TV Show1995Dave's World
0%
Video2013Delta Air Lines Safety Video
0%
Video2014Delta Air Lines Safety Video
0%
Commercial2010DirecTV
0%
TV Show1976-1977Double Dare
0%
Film1991Dying Young
0%
TV Show1995Ellen
0%
Video1996Ellen's Energy Adventure
0%
Commercial2004Emerald Downs
0%
Documentary2018Eyes of Faith
0%
TV Show2006Family Guy
0%
TV Show2010FCU: Fact Checkers Unit
0%
Film2000Finding Forrester
0%
Film1988For Keeps
0%
Film2021Free Guy
0%
TV Documentary2018Game Changers
0%
Film1993Groundhog Day
0%
TV Show1992Heart of Courage
0%
TV Show1974-1976, 1978-1980High Rollers
0%
Commercial2003Holiday Inn
0%
TV Show2014Hot in Cleveland
0%
Documentary Series2000Intimate Portrait
0%
Video Game2007Jeopardy! DVD Game
0%
Film1995Jury Duty
0%
TV Show2000-2001Ladies Man
0%
TV Show2020Last Week Tonight with John Oliver
0%
TV Special1999Live from the Hollywood Bowl
0%
TV Show1985, 1986, 1988, 1989Lou Rawls Parade of Stars
0%
TV Pilot1985Lucky Numbers
0%
TV Show1999Mad About You
0%
TV Show1998Mafia!
0%
TV Pilot1983Malcolm
0%
TV Special1984M'ama Non M'ama
0%
TV Show1988Mama's Family
0%
TV Show2004Married to the Kellys
0%
TV Show1997Men Behaving Badly
0%
TV Show1963-1964Music Hop
0%
TV Special2009, 2011, 2012National Geographic Bee
0%
TV Show1997, 2017Ned and Stacey
0%
Web Series2018Orange Is the New Black
0%
TV Show1972Outside/Inside
0%
TV Show2000Pepper Ann
0%
TV Show1971Pick and Choose
0%
TV Show1981-1982Pitfall
0%
Film1990Predator 2
0%
Film1988Rain Man
0%
Film1999Random Hearts
0%
TV Show1966-1973Reach for the Top
0%
TV Special2015Robert Osborne's 20th Anniversary Tribute
0%
TV Show1993Rugrats
0%
TV Show2018RuPaul's Drag Race
0%
TV Show1996Seinfeld
0%
Film1993Short Cuts
0%
Film1996Spy Hard
0%
TV Pilot1983Starcade
0%
TV Show1976-1980Stars on Ice
0%
TV Show1969Strategy
0%
Commercial1999Sundown Herbals
0%
TV Show1990Super Jeopardy!
0%
TV Show1973TGIF
0%
TV Show1977-1978The $128,000 Question
0%
TV Show2015The Amazing Race Canada
0%
Film2007The Bucket List
0%
TV Show2014The Colbert Report
0%
TV Special1990The Earth Day Special
0%
TV Show1992The Golden Girls
0%
TV Show1993The Larry Sanders Show
0%
TV Show1996The Magic School Bus
0%
TV Show1995The Nanny
0%
TV Show1989-2013The National Geographic Bee
0%
Commercial1998The Phonics Game
0%
TV Show1996-1998The Pillsbury Bake-Off
0%
TV Show1993The Red Badge of Courage/Heart of Courage
0%
TV Show1997The Weird Al Show
0%
TV Show1973The Wizard of Odds
0%
TV Show1996The X-Files
0%
Web Series2018Tom Clancy's Jack Ryan
0%
TV Show1991To Tell the Truth
0%
TV Show1964Vacation Time
0%
TV Show1978Vega$
0%
TV Show1987VTV-Value Television
0%
TV Show1980-1981Wall $treet
0%
TV Documentary1998Watch & Make Money with Alex Trebek
0%
Commercial1999WebTV
0%
Commercial2012Wheat Thins
0%
Web Series2017, 2019Who Framed Wrangler
0%
Commercial2007Word Smart
0%
TV Special1991WrestleMania VII
0%

Score Distribution

Percentile by Number Answered

Percent of People with Each Score

Your Score History

You have not taken this quiz since the last reset